| 000 | 01159nam a2200337 a 4500 | ||
|---|---|---|---|
| 001 | 000012069 | ||
| 003 | DO-SdBPM | ||
| 005 | 20260306131846.0 | ||
| 007 | ta | ||
| 008 | 091104s2006 dr 000 j spa d | ||
| 020 | _a9993442461 | ||
| 040 |
_aDO-SdBPM _bspa _cBPMSU _drda |
||
| 082 | 0 | 4 |
_aRD863.5 _bC515h 2006 _222 |
| 100 | 1 |
_aCheheen, Mercedes, _d1986- _eautor _4aut. |
|
| 245 | 1 | 3 |
_aEl hombre que tenía un todo y otros cuentos / _cMercedes Cheheen ; presentación Alejandro Arvelo. |
| 264 |
_aSanto Domingo : _bDirección General de la Feria del Libro, _c2006. |
||
| 300 |
_a46 páginas ; _c23 cm. |
||
| 336 |
_atexto _btxt _2rdacontent |
||
| 337 |
_asin mediación _bn _2rdamedia |
||
| 338 |
_avolumen _bnc _2rdacarrier |
||
| 490 | 0 |
_aEdiciones Ferilibro ; _v80 |
|
| 500 | _aIncluye datos biográficos de la autora en la solapa de la cubierta. | ||
| 586 | _aPremio de Cuento Joven, 2005 | ||
| 590 | _aInventariado, 2026VM | ||
| 650 | 0 | _aCuentos dominicanos | |
| 650 | 0 | _aLiteratura dominicana. | |
| 650 | z | _aShort stories, Dominican | |
| 650 | z | _aDominican literature | |
| 910 | _aVMateo V. Control de calidad BPMSU | ||
| 942 |
_2ddc _cBK |
||
| 999 |
_c15744 _d15744 |
||